Hercule Poirot - Le Grand Quiz - Statistiques

Statistiques générales
  • Ce quiz a été pris 806 fois
    86 depuis la dernière actualisation
  • Le résultat moyen est 14 sur 25
Statistiques - réponses
Questions Réponses % Correct
Informations générales Quel auteure a créé Hercule Poirot ? Agatha Christie
99%
Informations générales Quelle est la nationalité de Hercule Poirot ? Belge
94%
Informations générales Quelle partie de son corps soigne-t-il particulièrement ? Sa moustache
90%
Romans Complétez le manque dans ce titre de roman de Hercule Poirot. Le Crime de l'{Orient}-{Express}
86%
Informations générales Combien d'échecs se reconnaît-il ? Deux
84%
Informations générales Dans quelle ville vit Hercule Poirot ? Londres
83%
Citations Citation de Hercule Poirot : Quand on ne fait plus travailler ses petites {cellules} grises, elles se rouillent.
83%
Citations Citation de Hercule Poirot : Je m'appelle Hercule Poirot, et je suis probablement le plus grand {détective} au monde.
82%
Informations générales A quel aliment son crâne est-il souvent comparé ? Un œuf
69%
Romans Complétez le manque dans ce titre de roman de Hercule Poirot. Poirot quitte la {scène}
62%
Autres personnages Qui est son fidèle acolyte ? Arthur Hastings
58%
Romans Complétez le manque dans ce titre de roman de Hercule Poirot. Le Meurtre de Roger {Ackroyd}
52%
Autres œuvres et médias Qui joue le rôle de Hercule Poirot dans une série de 1989 jusqu'en 2013 ? David Suchet
48%
Romans Complétez le manque dans ce titre de roman de Hercule Poirot. La Mystérieuse affaire de {Styles}
47%
Autres œuvres et médias Avec quel autre personnage emblématique de la Reine du Crime est-il mis en scène dans une série animée de 2005 ? Jane Marple
44%
Autres œuvres et médias Quel célèbre journal étatsunien a fait de lui de seul personnage de fiction à avoir droit à une nécrologie ? New York Times
43%
Autres personnages Quel inspecteur fait apparition dans plusieurs romans ou nouvelles d'Hercule Poirot ? James Japp
42%
Autres personnages Qui est sa secrétaire ? Felicity Lemon
40%
Autres personnages Qui est son amie écrivain ? Ariadne Oliver
32%
Autres personnages Comment se prénomme son valet ? George
31%
Citations Citation de Hercule Poirot : Les {mots}, mademoiselle, ne sont jamais que l'enveloppe des idées.
29%
Autres œuvres et médias Qui joue le rôle de Poirot dans une série de films initiée en 2017 ? Kenneth Branagh
26%
Autres œuvres et médias Sur quelle console portable le jeu Agatha Christie: The ABC Murders est-il sorti en 2009 ? Nintendo DS
26%
Autres personnages Quel superintendant travaille pour Scotland Yard ? Battle
16%
Autres œuvres et médias Dans quelle série de livres pour enfants mettant en scène une souris journaliste est-il parodié en Hercule Poirat ? Geronimo Stilton
12%
Aucun quiz correspondant
Distribution des résultats
% des personnes avec chaque résultat
Percentile par nombre de réponses
Votre historique - résultats
Vous n’avez pas pris ce quiz depuis la dernière actualisation